• 首页
  • 本馆介绍
  • 公告通知
  • 最新文献
  • 馆藏检索
  • 电子资源
  • 读者导购
  • 参考咨询
  • 我的图书馆
  • 登录
  • 详细信息显示
  • 放入我的书架
  • 预约/预借图书
  • 作者相关作品
  • 分类相关作品
  • 丛书相关作品
  • 出版社相关作品

书目信息

  • 表格格式
  • 工作单格式
  • 卡片格式
题名:
大容量多电平变换器
    
 
作者: 李永东 , 肖曦 , 高跃 编著
分册:  
出版信息: 北京   科学出版社  2005
页数: 11,255页
开本: 24cm
丛书名: 高效电能变换应用丛书
单 册:
中图分类: TN624
科图分类:
主题词: 变换器
电子资源:
ISBN: 7-03-015876-8
000 01253oam2 2200301 450
001 012003993392
005 20070805112245.15
009 012003993392
010    @a7-03-015876-8@dCNY33.00
035    @a(110019)012004189243
100    @a20051026d2005 em y0chiy0110 ea
101 0  @achi
102    @aCN@b110000
105    @aa z 000yy
106    @ar
200 1  @a大容量多电平变换器@Ada rong liang duo dian ping bian huan qi@e原理·控制·应用@Eyuan li· kong zhi· ying yong@f李永东, 肖曦, 高跃编著@Fli yong dong , xiao xi , gao yue bian zhu
210    @a北京@c科学出版社@d2005
215    @a11,255页@c图@d24cm
225 2  @a高效电能变换应用丛书@Agao xiao dian neng bian huan ying yong cong shu
330    @a本书首先介绍多电平变换器的各种主电路拓扑结构,重点介绍多电平PWM控制技术,并推导了通用空间矢量PWM算法及多电平PWM的统一形式。介绍三电平变换器在高性能交流电机控制系统,即矢量控制和直接转矩控制系统中应用的例子,以及H桥级联式多电平变换器在高压大容量交流调速和有源滤波系统中的应用。
461  0 @12001 @a高效电能变换应用丛书
606 0  @a变换器
690    @aTN624@v4
701  0 @a李永东@Ali yong dong@4编著
701  0 @a肖曦@Axiao xi@4编著
701  0 @a高跃@Agao yue@4编著
801  0 @aCN@b110019@c20070805
905    @dTN624@e66@f5
    
    大容量多电平变换器:原理·控制·应用/李永东, 肖曦, 高跃编著.-北京:科学出版社,2005
    11,255页:图;24cm.-(高效电能变换应用丛书)
    
    
    ISBN 7-03-015876-8:CNY33.00
    本书首先介绍多电平变换器的各种主电路拓扑结构,重点介绍多电平PWM控制技术,并推导了通用空间矢量PWM算法及多电平PWM的统一形式。介绍三电平变换器在高性能交流电机控制系统,即矢量控制和直接转矩控制系统中应用的例子,以及H桥级联式多电平变换器在高压大容量交流调速和有源滤波系统中的应用。
●
相关链接 在E读中查询图书 在五车中查询图书 在当当中查询图书 在豆瓣中查询图书


正题名:大容量多电平变换器     索取号:TN624/66         预约/预借

序号 登录号 条形码 馆藏地/架位号 状态 备注
1 0851428   208514286   第二样本阅览室/ [索取号:TN624/66] 在馆    
2 0851429   208514295   第三借阅区/ [索取号:TN624/66] 在馆    
3 0851430   208514302   第三借阅区/ [索取号:TN624/66] 在馆    
4 0851431   208514311   第三借阅区/ [索取号:TN624/66] 在馆    
5 0851432   208514320   第三借阅区/ [索取号:TN624/66] 在馆    
唐山师范学院图书馆 欢迎您!
大连网信软件有限公司© 版权所有